| Tag |
First Indicator |
Second Indicator |
Subfields |
| LEADER |
00000cam a2200000 i 4500 |
| 001 |
in00000068117 |
| 005 |
20151008051337.0 |
| 008 |
800306s1979 inua 00110 eng |
| 010 |
|
|
|a 79065748
|
| 020 |
|
|
|a 0672216310 :
|c $9.95
|
| 035 |
|
|
|a (OCoLC)05961881
|
| 035 |
|
|
|9 AAG7313AM
|
| 040 |
|
|
|a DLC
|c DLC
|d TXA
|d UtOrBLW
|
| 049 |
|
|
|a TXAM
|c [1497427]
|
| 050 |
0 |
0 |
|a TK9956
|b .C39
|
| 082 |
0 |
|
|a 621.3841/3
|
| 100 |
1 |
|
|a Cebik, L. B.
|
| 245 |
1 |
0 |
|a Seven steps to designing your own ham equipment /
|c by L. B. Cebik.
|
| 250 |
|
|
|a 1st ed.
|
| 264 |
|
1 |
|a Indianapolis, Ind. :
|b H. W. Sams,
|c 1979.
|
| 300 |
|
|
|a 223 pages :
|b illustrations ;
|c 22 cm.
|
| 336 |
|
|
|a text
|b txt
|2 rdacontent
|
| 337 |
|
|
|a unmediated
|b n
|2 rdamedia
|
| 338 |
|
|
|a volume
|b nc
|2 rdacarrier
|
| 500 |
|
|
|a Includes index.
|
| 650 |
|
0 |
|a Radio
|x Equipment and supplies
|x Design and construction
|x Amateurs' manuals.
|
| 650 |
|
0 |
|a Amateur radio stations.
|
| 999 |
|
|
|a MARS
|
| 999 |
f |
f |
|s 7e84bcc5-da8d-31bd-857a-d6423d81c0ca
|i 6fa033bf-6d98-3495-b4b6-93e2ff544bc9
|t 0
|
| 952 |
f |
f |
|p normal
|a Texas A&M University
|b College Station
|c Sterling C. Evans Library
|d Evans: Library Stacks
|t 0
|e TK9956 .C39
|h Library of Congress classification
|i unmediated -- volume
|m A14805519899
|
| 998 |
f |
f |
|a TK9956 .C39
|t 0
|l Evans: Library Stacks
|